000 005500000a22001930004500
003 LK-CoMWRAF
005 20231102131515.0
008 230817t1996 ||||| |||| 00| 0 eng d
040 _aLK-CoMWRAF
_dLK-CoMWRAF
_eLK-CoMWRAF
041 _aeng
082 _a305.409
_bSHI
245 _aShifting boundaries in marriage and divorce in Muslim communities
260 _aFrance :
_bWLUML,
_c1996
300 _a187p
490 _aWomen and Law in the Muslim world Programme Vol.1
650 _aMuslim Law
650 _aMuslim--Marriage--Divorce
942 _cBK
999 _c56
_d56